000 01769nam2a22003251 4500
001 v19\rc\1463874
005 20260406093002.0
035 _a(NLR Aleph) 005213472
090 _a5432813
_c5432813
100 _a20060620d1885 |||y0rusy50 ca
101 0 _arus
102 _aRU
105 _ay z |||||
200 1 _aИсторико- и догматико-полемические сочинения первых расколоучителей
_hЧ. 4
_i"Христианоопасный щит веры", Челобитная и другие сочинения инока Аврамия
210 _d1885
_aБ. м.
215 _aXXX, 434 с.
461 0 _1001v19\rc\1463867
_12001#$aМатериалы для истории раскола за первое время его существования, издаваемые редакцией "Братского слова"$vТ. 7
_93865974
_cМосква
_d1875-1895
_tМатериалы для истории раскола за первое время его существования, издаваемые редакцией "Братского слова"
_vТ. 7
702 0 _4220
_7ca
_8rus
_aАвраамий
_cАфанасий
_cинок-старообрядец
_f-1672
_92650096
_3RU\NLR\AUTH\770278129
702 1 _4340
_7ca
_8rus
_aСубботин
_bН. И.
_cписатель
_f1827-1905
_gНиколай Иванович
_947589
_3RU\NLR\AUTH\7764660
801 2 _aRU
_bNLR
_c20080524
_2rusmarc
801 0 _aRU
_bNLR
_c20060620
_gpsbo
801 0 _aRU
_bRuMoRGB
_c20060620
_2psbo
801 1 _aRU
_bProSoft-M
_c20060620
_2rusmarc
852 _aNLR
_j18.106.7.44(7)
852 _aNLR
_j133/2710(7)
852 _aNLR
_bМф
_jК1/16639(7)
852 _aNLR
_bМф
_jК-1/10828
942 _cBOOK
980 _aNB